| 000 | 00869nam a2200265Ia 4500 | ||
|---|---|---|---|
| 003 | OSt | ||
| 005 | 20220923215150.0 | ||
| 006 | a|||||r|||| 00| 0 | ||
| 007 | ta | ||
| 008 | 220922b |||||||| |||| 00| 0 hin d | ||
| 024 | _a176,268 | ||
| 037 | _cTextual | ||
| 040 |
_aARTS _cARTS _bhin |
||
| 041 |
_2hin _ahin |
||
| 082 | _aO152,1:g, L2;L9 | ||
| 100 | _aशर्मा, कृष्णदेव | ||
| 245 | 0 | _aभारतीय काव्यशास्त्र | |
| 246 | _aBhāratīya kāvyashāstra | ||
| 250 | _aसंस्क0 2 | ||
| 260 |
_aआगरा _b विनोद पुस्तक मन्दिर _c1979 |
||
| 300 |
_a343 पृ. _ccm. |
||
| 650 |
_aहिन्दी साहित्य _9156264 |
||
| 942 |
_hO152,1:g, L2;L9 _cTEXL _2CC |
||
| 999 |
_c329825 _d329825 |
||